000 00593nam a22002057a 4500
005 20161129115444.0
010 _aENG-116693
020 _a9788184846126
_c580.00
035 _aEN-100225
037 _bDBAD/PUB
082 _a320.954
100 _aRavindran,V.
245 _aIndian poltical market /
_c by V. Ravindran [and] Anita Nair
260 _aNew Delhi
_bRegal Publications
_c2016
270 _aF-159 Rajouri Garden
_bNew Delhi
_e110027
300 _axii,124p.
_c23cm(Hb)
500 _aIncludes index
700 _aNair,Anita
942 _2ddc
_cEN
_h320.954
_mNAI
999 _c104815
_d104815